000 00493nam a2200193Ia 4500
005 20260429111851.0
008 260429s9999||||xx |||||||||||||| ||und||
020 _a9798887153612
041 _aEnglish
082 _a639.2
_bKEN
100 _aKennedy, Robert
245 0 _aFishery management /
_cRobert Kennedy
250 _a1st ed.
260 _aUnited States :
_bOryson Press,
_c2024.
300 _avi, 316 p.; hb
650 _a Fishery management
650 _aFishing
942 _cTB
999 _c51204
_d51204